US President by Birth Quiz Stats

 Plays Quiz Updated Jan 20, 2021

Support Sporcle.
Go Orange.
Score 0/45 Timer 10:00
1 Play Today
Birth Place President % Correct
New York, NYDonald Trump
88.7%
Scranton, PAJoe Biden
88.2%
New York, NYTheodore Roosevelt
75.9%
Caldwell, NJGrover Cleveland
75.9%
Braintree, MAJohn Adams
69.7%
Braintree, MAJohn Quincy Adams
68.3%
Milton, MAGeorge H. W. Bush
66%
Honolulu, HIBarack Obama
56%
Charles City County, VAJohn Tyler
39.4%
Charles City County, VAWilliam H. Harrison
39.4%
Orange, OHJames A. Garfield
33.2%
Hope, ARBill Clinton
26.6%
Delaware, OHRutherford B. Hayes
26%
New Haven, CTGeorge W. Bush
24.4%
Cincinnati, OHWilliam H. Taft
24.3%
Plains, GAJimmy Carter
18.9%
Raleigh, NCAndrew Johnson
17.8%
Hyde Park, NYFranklin D. Roosevelt
15.4%
Omaha, NEGerald Ford
15.2%
Columbia, NYMartin Van Buren
15%
Yorba Linda, CARichard Nixon
14.5%
Brookline, MAJohn F. Kennedy
13.5%
West Branch, IAHerbert Hoover
9.5%
Birth Place President % Correct
Westmoreland County, VAGeorge Washington
9.5%
Tampico, ILRonald Reagan
9.2%
Westmoreland County, VAJames Monroe
9.1%
Staunton, VAWoodrow Wilson
8.9%
Plymouth, VTCalvin Coolidge
8.4%
Denison, TXDwight D. Eisenhower
8.3%
Hodgenville, KYAbraham Lincoln
8.3%
Lamar, MOHarry S. Truman
8.1%
Orange County, VAZachary Taylor
7.9%
Albemarle County, VAThomas Jefferson
7.8%
Waxhaw, SCAndrew Jackson
7.8%
Stonewall, TXLyndon B. Johnson
7.8%
Niles, OHWilliam McKinley
7.1%
Point Pleasant, OHUlysses S. Grant
6.7%
Fairfield, VTChester A. Arthur
6.3%
Mecklenburg County, NCJames K. Polk
6.1%
Hillsborough, NHFranklin Pierce
6%
Mercersburg, PAJames Buchanan
5.8%
Corsica, OHWarren G. Harding
5.6%
Port Conway, VAJames Madison
5%
North Bend, OHBenjamin Harrison
4.9%
Cayuga County, NYMillard Fillmore
4.4%

From the Vault

Movie Character Blitz IV

by Thebiguglyalien

Movies 60s
Now if only someone would make a mashup starring all of these movie characters together.
Remove Ads.
Support Sporcle.
Get the best of Sporcle when you Go Orange. This ad-free experience offers more features, more stats, and more fun while also helping to support Sporcle. Thank you for becoming a member.

Show Comments

Extras

Top Quizzes Today


Score Distribution

Your Account Isn't Verified!

In order to create a playlist on Sporcle, you need to verify the email address you used during registration. Go to your Sporcle Settings to finish the process.

Report this User

Report this user for behavior that violates our Community Guidelines.

Details: